Statistics for Countries Least Similar To Italy

Click here to take the quiz!

General Stats

  • This quiz has been taken 21 times
  • The average score is 6 of 20

Answer Stats

RankCountryScore% Correct
1Somalia36.8
76%
6Chad40.2
43%
7Niger41.0
43%
2Sudan38.3
43%
18Afghanistan42.6
38%
3Yemen38.9
38%
4Eritrea39.2
33%
14Laos41.9
33%
14Mali41.9
33%
16Papua New Guinea42.2
29%
10Cambodia41.3
24%
8Mauritania41.1
24%
13Tanzania41.8
24%
17Uganda42.5
24%
20Malawi42.9
19%
10Gambia41.3
14%
5South Sudan39.7
14%
10Bangladesh41.3
10%
18Bhutan42.6
10%
8Sierra Leone41.1
5%

Score Distribution

Percentile by Number Answered

Percent of People with Each Score

Your Score History

You have not taken this quiz